Marvel Alter Egos - Statistics

General Stats
  • This quiz has been taken 869 times
    868 since last reset
  • The average score is 10 of 17
Answer Stats
Hint Answer % Correct
James Howlett Spiderman
98%
Reed Richards Iron Man
83%
Jean Grey Hulk
78%
Johnny Storm Captain America
75%
Charles Xavier Mr Fantastic
70%
Carol Danvers Deadpool
69%
Tony Stark Professor X
68%
Steven Rogers Cyclops
66%
Robert Reynolds Invisible Woman
62%
Erik Lensherr The Thing
62%
Peter Parker Wolverine
62%
Ben Grimm Magneto
59%
Wade Wilson Phoenix
57%
Bruce Banner Ms Marvel
48%
Sue Storm Thor
40%
Scott Summers Ghost Rider
19%
Donald Blake Sentry
18%
No matching quizzes found
Score Distribution
Percent of People with Each Score
Percentile by Number Answered
Your Score History
You have not taken this quiz since the last reset